| 000 | 00753cam a22002414a 4500 | ||
|---|---|---|---|
| 008 | |||
| 020 | _a9789380165011 (hbk. ) | ||
| 049 | _aMAIN | ||
| 090 |
_aHD30.2 _bRAJ |
||
| 100 | 1 | _aRajgure, Arun Kisan. | |
| 245 | 1 | 0 |
_aKnowledge management systems for business / _cArun Kisan Rajgure and Akther Anwar Kaleem. |
| 260 |
_aNew Delhi : _bA.K Publications, _c2013 |
||
| 300 |
_av, 244 p. ; _c22 cm. |
||
| 504 | _aIncludes bibliographical references. | ||
| 650 | _aKnowledge management. | ||
| 650 | 0 | _aManagement information systems. | |
| 700 | _aKaleem, Akther Anwar. | ||
| 907 |
_a.b10335699 _b18-10-13 _c15-10-13 |
||
| 003 | |||
| 005 | 20230123122031.0 | ||
| 040 | _cNUST | ||
| 942 |
_cBOOKS _kHD30.2 _mRAJ |
||
| 999 |
_c126644 _d126644 |
||